Wird geladen...

Consolidated great English -Indian Dictionary of technical Terms /

Bibliographische Detailangaben
Weitere Verfasser: Raghu Vira (HerausgeberIn)
Sprache:Undetermined
Veröffentlicht: 1950.
Schriftenreihe:Sarasvati Vihara Series
Schlagworte:
LEADER 00493nam a2200145Ia 4500
001 68683
008 170722s9999 xx 000 0 und d
245 |a Consolidated great English -Indian Dictionary of technical Terms / 
260 |c 1950. 
490 |a Sarasvati Vihara Series 
653 |a English Dictionary 
700 |a Raghu Vira  |e editor. 
942 |c GEN 
999 |c 43257  |d 43257 
952 |0 0  |1 0  |4 0  |6 P_4KL_152J0_CR  |7 0  |8 CR  |9 59114  |a LIB  |b LIB  |d 2017-08-12  |o P-:4kl 152J0 (CR)  |p 44362  |r 2017-08-12  |w 2017-08-12  |y GEN